Score 0/40 Timer 10:00
3 Plays Today
% Correct
The Cosby Show
80%
Leave It to Beaver
76.5%
Married… With Children
74.4%
Family Guy
68.8%
I Love Lucy
67.9%
Everybody Loves Raymond
65.7%
The Beverly Hillbillies
64.6%
Happy Days
63.4%
All In The Family
63.2%
Little House on the Prairie
59.2%
Frasier
55.4%
Dallas
53.1%
Family Ties
52.5%
Growing Pains
48.4%
Family Matters
46.6%
Home Improvement | The Andy Griffith Show | Friday Night Lights
46.5%
That '70s Show
43.3%
The Wonder Years
41%
Arrested Development
38.7%
Bonanza
36.2%
% Correct
King of the Hill
36%
Seventh Heaven
35.3%
Dynasty
32.7%
Eight Is Enough
24.7%
Mad About You
24.2%
This Is Us
22.9%
My Three Sons | Green Acres
21.1%
Soap
21%
Good Times
14.3%
One Day at a Time
12.2%
The Middle
11.8%
Party of Five
11.6%
Simon & Simon
10.1%
Modern Family
10%
Supernatural
8%
Medium
8%
Brothers and Sisters
7.4%
Maude
6.7%
Six Feet Under
6.4%
Hannah Montana
4%
Remove Ads.
Support Sporcle.
Get the best of Sporcle when you Go Orange. This ad-free experience offers more features, more stats, and more fun while also helping to support Sporcle. Thank you for becoming a member.

You're not logged in!

Compare scores with friends on all Sporcle quizzes.
OR
Log In

Show Comments

Extras

Top Quizzes Today


Score Distribution

Your Account Isn't Verified!

In order to create a playlist on Sporcle, you need to verify the email address you used during registration. Go to your Sporcle Settings to finish the process.

Report this User

Report this user for behavior that violates our Community Guidelines.

Details: